[Event "Druzynowe Mistrzostwa Polski - II liga"]
[Site "Sypniewo k. Jastrowia"]
[Date "1899-12-30"]
[Round "4.23"]
[White "Wrona, Florian"]
[Black "Marchlewicz, Kamil"]
[Result "1/2-1/2"]
[WhiteTitle "I+"]
[BlackTitle "I++"]
[WhiteElo "1581"]
[BlackElo "2068"]

1. e4 e5 2. Nf3 Nc6 3. Bc4 Bc5 4. c3 Nf6 5. d3 O-O 6. O-O d5 7. exd5 Nxd5 8. Re1
Bg4 9. h3 Bh5 10. Nbd2 Nb6 11. Bb5 f6 12. Bxc6 bxc6 13. Ne4 Be7 14. Ng3 Bxf3 15.
Qxf3 Qd7 16. Nf5 Bd6 17. Qg4 Kh8 18. Be3 g6 19. Nxd6 Qxg4 20. hxg4 cxd6 21. Bxb6
axb6 22. f3 Kg7 23. Kf2 Ra4 24. a3 Kf7 25. Re4 b5 26. Rxa4 bxa4 27. Re1 d5 28.
Ke3 Rb8 29. Re2 c5 30. g3 Ke6 31. f4 Rb3 32. fxe5 fxe5 33. Rf2 Rb7 34. g5 Ke7
35. g4 Rb6 36. Rh2 Ke6 37. Rf2 Ke7 38. Rh2 Ke6 39. Rf2 Ke7 40. Rh2 e4 1/2-1/2

[Event "Druzynowe Mistrzostwa Polski - II liga"]
[Site "Sypniewo k. Jastrowia"]
[Date "1899-12-30"]
[Round "4.24"]
[White "Kindler, Karolina"]
[Black "Czarnecka, Lidia"]
[Result "1/2-1/2"]
[WhiteTitle "I++"]
[BlackTitle "k"]
[WhiteElo "1805"]
[BlackElo "1889"]

1. d4 d5 2. Nf3 Nf6 3. c4 c6 4. Nc3 e6 5. Bg5 Be7 6. cxd5 exd5 7. e3 Bg4 8. Be2
Nbd7 9. O-O O-O 10. Qc2 Re8 11. Rab1 a5 12. a3 Bh5 13. b4 axb4 14. axb4 Bg6 15.
Bd3 Ne4 16. Bxe7 Qxe7 17. b5 Ra3 18. Rb3 Rxb3 19. Qxb3 Nec5 20. dxc5 Nxc5 21.
Qa3 Nxd3 22. Qxe7 Rxe7 23. Ra1 f6 24. Ra7 Kf7 25. bxc6 bxc6 26. Ra6 Nb4 27. Rb6
c5 28. h3 Rd7 29. Na4 Nd3 30. Rc6 c4 31. Nb6 Nb4 32. Rc5 Rb7 33. Na4 Be4 34. Nd4
Nd3 35. Rc6 Nb4 36. Rc5 Na2 37. f3 Bg6 38. Rxd5 Ra7 39. Nb6 c3 40. Rc5 Bd3 41.
Nd5 Ra3 1/2-1/2

[Event "Druzynowe Mistrzostwa Polski - II liga"]
[Site "Sypniewo k. Jastrowia"]
[Date "1899-12-30"]
[Round "4.25"]
[White "Rudolf, Michal"]
[Black "Krzywda, Andrzej"]
[Result "1-0"]
[WhiteTitle "FM"]
[BlackTitle "CM"]
[WhiteElo "2356"]
[BlackElo "2076"]

1. d4 Nf6 2. c4 c5 3. Nf3 cxd4 4. Nxd4 Nc6 5. Nc3 g6 6. g3 Bg7 7. Bg2 O-O 8. O-O
Qa5 9. e3 Qc5 10. b3 d5 11. cxd5 Nb4 12. Bd2 Bg4 13. Ne4 Nxe4 14. Bxb4 Qxb4 15.
Qxg4 Nf6 16. Qe2 Rfd8 17. Qc4 Qb6 18. Rac1 Rd7 19. Ne2 Rad8 20. e4 Ne8 21. Qa4
Nc7 22. Bh3 Rd6 23. Qc4 Nb5 24. a4 Nd4 25. Nxd4 Qxd4 26. Qxd4 Bxd4 27. Rc7 Rb6
28. Rd1 Bf6 29. f4 Rxb3 30. e5 Bg7 31. Rxe7 Bf8 32. Rc7 Bb4 33. d6 Ba5 34. Re7
Rb2 35. Rc1 b5 36. axb5 Bb6+ 37. Kh1 Rxb5 38. Bf1 Rb2 39. Bc4 Rf8 40. Rb7 Rd2
41. Re1 Rd4 42. Rc1 Rd2 43. Rc3 h5 44. Rd3 Rc2 45. Bb3 Re2 46. Rc3 Rd2 47. h4
Ba5 48. Rc2 Rd3 49. Kg2 Be1 50. Rcc7 Bxg3 51. Bxf7+ Kh8 52. Bc4 1-0

[Event "Druzynowe Mistrzostwa Polski - II liga"]
[Site "Sypniewo k. Jastrowia"]
[Date "1899-12-30"]
[Round "4.26"]
[White "Chojnacki, Slawomir"]
[Black "Markowski, Damian"]
[Result "1-0"]
[WhiteTitle "CM"]
[BlackTitle "FM"]
[WhiteElo "2150"]
[BlackElo "2202"]

1. d4 g6 2. Nf3 Bg7 3. e4 d6 4. Bc4 Nf6 5. e5 dxe5 6. Nxe5 O-O 7. O-O Nbd7 8. Bg5
c5 9. c3 cxd4 10. cxd4 Nb6 11. Bb3 Nfd5 12. Nc3 Be6 13. Re1 Nc7 14. h4 Bxb3 15.
Qxb3 Ncd5 16. h5 Rc8 17. hxg6 hxg6 18. Nxd5 Qxd5 19. Bxe7 Rfe8 20. Ba3 Qxb3 21.
axb3 Nd5 22. Nf3 Rxe1+ 23. Rxe1 a5 24. g3 Bf6 25. Kf1 Kg7 26. Bd6 Rc2 27. Re2
Rc1+ 28. Kg2 Rb1 29. Be5 b6 30. Rd2 Rc1 31. Ng5 Re1 32. Nf3 Rc1 33. Nh2 Bxe5 34.
dxe5 Rc5 35. Ng4 Rb5 36. f4 Kf8 37. Kf2 Ke7 38. Ke2 Ke6 39. Rd3 Rc5 40. Ne3 Nxe3
41. Kxe3 Rb5 42. Ke4 Rb4+ 43. Kf3 g5 44. Kg4 gxf4 45. gxf4 Rb5 46. Kg5 Ke7 47.
Kf5 Rb4 48. Rf3 Rd4 49. Rc3 Rb4 50. Rc7+ Ke8 51. Ra7 Rd4 52. Rc7 Rb4 53. Rc4 Rxb3
54. Kf6 Rxb2 55. Rc8+ Kd7 56. Ra8 Rf2 57. f5 Kc6 58. Ra7 Kc5 59. Rxf7 a4 60. Ra7
b5 61. e6 Kb4 62. e7 Re2 63. Ra6 a3 64. Kf7 Kb3 65. e8=Q Rxe8 66. Kxe8 a2 67.
f6 Kb2 68. f7 1-0

[Event "Druzynowe Mistrzostwa Polski - II liga"]
[Site "Sypniewo k. Jastrowia"]
[Date "1899-12-30"]
[Round "4.27"]
[White "Warszawski, Bartosz"]
[Black "Malecki, Rafal"]
[Result "1-0"]
[WhiteTitle "m"]
[BlackTitle "k+"]
[WhiteElo "2169"]
[BlackElo "1942"]

1. e4 g6 2. d4 d6 3. Nc3 Bg7 4. f4 Nc6 5. Be3 Nf6 6. Nf3 O-O 7. d5 Nb8 8. Qd2 c6
9. dxc6 Nxc6 10. O-O-O Qa5 11. Kb1 b5 12. Nd5 Qxd2 13. Nxf6+ Bxf6 14. Rxd2 a6
15. Bd3 Bb7 16. Rf1 Rfc8 17. g4 Na5 18. b3 Bc3 19. Rdf2 Nc4 20. bxc4 bxc4 21.
Be2 Bxe4 22. Bd4 Rab8+ 23. Kc1 Bb4 24. Nd2 c3 25. Nc4 d5 26. a3 Rxc4 27. Bxc4
Bxa3+ 28. Kd1 Rb1+ 29. Ke2 Rb2 30. Bd3 1-0

[Event "Druzynowe Mistrzostwa Polski - II liga"]
[Site "Sypniewo k. Jastrowia"]
[Date "1899-12-30"]
[Round "4.28"]
[White "Sroka, Janusz"]
[Black "Kaim, Piotr"]
[Result "1/2-1/2"]
[WhiteTitle "k"]
[BlackTitle "m"]
[WhiteElo "1912"]
[BlackElo "2166"]

1. e4 e5 2. Nf3 Nf6 3. d3 Nc6 4. Be2 d5 5. exd5 Nxd5 6. O-O Be7 7. c3 O-O 8. Re1
f5 9. Bf1 Bf6 10. Nbd2 Re8 11. Qc2 Be6 12. Nc4 Bf7 13. a4 a5 14. Bd2 Qd7 15. Rad1
Nb6 16. Nxb6 cxb6 17. Be3 Qc7 18. Bc1 Kh8 19. Be2 Rac8 20. c4 e4 21. dxe4 fxe4
22. Ng5 Bg6 23. Bg4 e3 24. Qe2 Bxg5 25. Bxc8 Qxc8 26. Rd5 exf2+ 27. Qxf2 Rxe1+
28. Qxe1 Bf6 29. h3 Nb4 30. Rd1 Nd3 31. Qg3 Qc5+ 32. Be3 Qxc4 33. Qb8+ Qg8 34.
Qxb7 h6 35. Qxb6 Qd5 36. Qb5 Qe4 37. Qb6 Kh7 38. b3 Bf5 39. Rf1 Bg6 40. Qa7 Be7
41. Kh1 Bd6 42. Bd4 Be5 43. Bxe5 Qxe5 44. Rf8 Qa1+ 45. Kh2 Qe5+ 46. Kh1 Be4 47.
Qb8 1/2-1/2

[Event "Druzynowe Mistrzostwa Polski - II liga"]
[Site "Sypniewo k. Jastrowia"]
[Date "1899-12-30"]
[Round "4.29"]
[White "Prus, Marek"]
[Black "Szajda, Marcin"]
[Result "0-1"]
[WhiteTitle "I"]
[BlackTitle "I++"]
[WhiteElo "1675"]
[BlackElo "1936"]

1. e4 e5 2. Nf3 Nc6 3. Bb5 a6 4. Ba4 Nf6 5. O-O d6 6. d4 Bd7 7. Re1 b5 8. Bb3 Be7
9. c3 O-O 10. Nbd2 Bg4 11. d5 Na5 12. Bc2 c5 13. Nf1 h6 14. Ng3 Nh7 15. h3 Bxf3
16. Qxf3 Bg5 17. Nf5 Bxc1 18. Raxc1 Nb7 19. h4 Kh8 20. g4 g6 21. Nxh6 Qxh4 22.
Kg2 Qxh6 23. Rh1 Qg5 24. Qh3 Kg7 25. Qxh7+ Kf6 26. Qh4 Rh8 27. Qxg5+ Kxg5 28.
Kg3 c4 29. Rxh8 Rxh8 30. a4 bxa4 31. Bxa4 Nc5 32. Bc2 Rb8 33. Rb1 Rb6 34. f3 Rb8
35. Bd1 Nd3 36. b4 Nf4 37. Rb2 Rh8 38. Rh2 Rxh2 39. Kxh2 Nd3 40. Kg3 Nc1 41. Kf2
Kf4 42. Ba4 Na2 43. b5 axb5 44. Bxb5 Nxc3 45. Bxc4 Nd1+ 46. Ke2 Ne3 47. Bb5 f5
48. gxf5 gxf5 49. Bd3 fxe4 50. fxe4 Ng4 51. Kd2 Nf2 52. Bc2 Nxe4+ 53. Kd3 Nc5+
54. Kc4 e4 55. Kb5 e3 56. Bd1 Nd3 57. Kc6 Ke5 0-1

[Event "Druzynowe Mistrzostwa Polski - II liga"]
[Site "Sypniewo k. Jastrowia"]
[Date "1899-12-30"]
[Round "4.30"]
[White "Cyboran, Katarzyna"]
[Black "Bednarska-bzdega, Malgorzata"]
[Result "1-0"]
[WhiteTitle "I++"]
[BlackTitle "WFM"]
[WhiteElo "1773"]
[BlackElo "1946"]

1. e4 c5 2. Nf3 d6 3. d4 cxd4 4. Qxd4 Nc6 5. Bb5 Bd7 6. Bxc6 Bxc6 7. Nc3 Nf6 8.
Bg5 e6 9. O-O-O Be7 10. Rhe1 O-O 11. Qd2 Qc7 12. Nd4 Rac8 13. f4 h6 14. Bxf6 Bxf6
15. g4 Be7 16. g5 hxg5 17. fxg5 Qa5 18. h4 b5 19. Kb1 b4 20. Nxc6 Rxc6 21. Ne2
Rfc8 22. Nc1 Qc7 23. Re2 a5 24. Nd3 Rc4 25. g6 Bxh4 26. Rh1 Bf6 27. Reh2 Kf8 28.
gxf7 Kxf7 29. Qe2 Ke7 30. Nf4 Re8 31. Qg4 Kd7 32. Rh8 Qc8 33. R8h2 Rxe4 34. Qf3
Qc4 35. Nh5 Rf8 36. Nxf6+ Rxf6 37. Qg2 Rg4 38. Qb7+ Qc7 39. Qb5+ Qc6 40. Qxa5
Rgf4 41. Qa7+ Qc7 42. Qa6 Ke7 43. Rg2 Kf7 1-0

[Event "Druzynowe Mistrzostwa Polski - II liga"]
[Site "Sypniewo k. Jastrowia"]
[Date "1899-12-30"]
[Round "4.31"]
[White "Karpus, Michal"]
[Black "Schmidt, Wlodzimierz"]
[Result "1/2-1/2"]
[WhiteTitle "FM"]
[BlackTitle "GM"]
[WhiteElo "2179"]
[BlackElo "2196"]

1. e4 e6 2. d4 d5 3. Nd2 c5 4. Ngf3 cxd4 5. Nxd4 Nc6 6. Bb5 Bd7 7. Nxc6 bxc6 8.
Bd3 Qc7 9. Qe2 Ne7 10. Nf3 Ng6 11. e5 f6 12. Bxg6+ hxg6 1/2-1/2

[Event "Druzynowe Mistrzostwa Polski - II liga"]
[Site "Sypniewo k. Jastrowia"]
[Date "1899-12-30"]
[Round "4.32"]
[White "Smagalski, Slawomir"]
[Black "Kukula, Pawel"]
[Result "1/2-1/2"]
[WhiteTitle "I++"]
[BlackTitle "m"]
[WhiteElo "1939"]
[BlackElo "2121"]

1. Nf3 Nf6 2. c4 g6 3. g3 Bg7 4. Bg2 O-O 5. Nc3 d6 6. O-O e5 7. d3 Nc6 8. Rb1 a5
9. a3 Nd4 10. Ne1 c6 11. b4 axb4 12. axb4 Be6 13. e3 Nf5 14. e4 Nd4 15. Nc2 Bg4
16. f3 Nxc2 17. Qxc2 Be6 18. Kh1 Nh5 19. Ne2 d5 20. Bb2 f5 21. Ra1 Rxa1 22. Rxa1
fxe4 23. fxe4 dxc4 24. dxc4 Qb6 25. Qc3 Qd8 26. Ng1 Qd7 27. c5 h6 28. Qc2 Bg4
29. Bc3 Kh7 30. Qb2 Qe7 31. Rf1 Rxf1 32. Bxf1 Nf6 33. Bg2 Nd7 34. h3 Be6 35. Nf3
Qf6 36. Kh2 g5 37. Qd2 g4 38. Nh4 gxh3 39. Bxh3 Bxh3 1/2-1/2

[Event "Druzynowe Mistrzostwa Polski - II liga"]
[Site "Sypniewo k. Jastrowia"]
[Date "1899-12-30"]
[Round "4.33"]
[White "Pacuszka, Tomasz"]
[Black "Swiatnicki, Andrzej"]
[Result "1-0"]
[WhiteTitle "FM"]
[BlackTitle "k"]
[WhiteElo "2186"]
[BlackElo "1976"]

1. e4 e5 2. Bc4 Nf6 3. d3 d5 4. exd5 Nxd5 5. Nf3 Nc6 6. O-O Bg4 7. Re1 Be7 8. h3
Bh5 9. g4 Bg6 10. Nxe5 Nxe5 11. Rxe5 Nb6 12. Bb3 Kf8 13. Qf3 Bf6 14. Re1 h5 15.
Kg2 hxg4 16. hxg4 Qd7 17. Rg1 Re8 18. Nc3 c6 19. Bd2 Qd6 20. Rh1 Ke7 21. a4 Nd7
22. a5 Ne5 23. Qg3 Qd7 24. g5 Rxh1 25. Rxh1 Kd8 26. gxf6 gxf6 27. Qf4 Bf5 28.
Be3 Rg8+ 29. Kf1 Rg4 30. Qh6 Bxd3+ 31. Ne2 Bg6 32. c3 Qd3 33. Qf8+ Kd7 34. Rh8
Qb1+ 35. Bc1 c5 36. Qd8+ Kc6 37. Qc8+ Kd6 38. Rd8+ 1-0

[Event "Druzynowe Mistrzostwa Polski - II liga"]
[Site "Sypniewo k. Jastrowia"]
[Date "1899-12-30"]
[Round "4.34"]
[White "Smagalski, Jaroslaw"]
[Black "Krainski, Slawomir"]
[Result "1/2-1/2"]
[WhiteTitle "I"]
[BlackTitle "k"]
[WhiteElo "1850"]
[BlackElo "2082"]

1. e4 d6 2. Nc3 Nf6 3. f4 e5 4. d3 Be7 5. Nf3 Nbd7 6. g3 c6 7. Bg2 Qb6 8. Qe2 O-O
9. Rb1 d5 10. fxe5 dxe4 11. Nxe4 Nxe4 12. Qxe4 Bb4+ 13. Bd2 Bxd2+ 14. Nxd2 Nxe5
15. d4 Ng6 16. O-O Be6 17. Nb3 a5 18. Rfd1 a4 19. Nc1 Rfe8 20. Qd3 Bg4 21. Rf1
Rad8 22. c3 Ne5 23. Qc2 Nc4 24. Qf2 Qc7 25. h3 Bh5 26. b3 Ne3 27. Re1 Nd1 28.
Rxd1 Bxd1 29. Nd3 Bh5 30. Nf4 Bg6 31. Rf1 axb3 32. axb3 Be4 33. h4 Bxg2 34. Kxg2
Qe7 35. Kh2 Qe3 36. Qc2 g6 37. b4 Re7 38. Kh3 Kg7 39. Kh2 h5 40. Kh3 Rd6 41. Kh2
Rf6 42. Rf2 Qe1 43. Qd2 Qe4 44. d5 cxd5 45. Re2 Qxe2+ 46. Nxe2 Rf2+ 47. Kg1 Rfxe2
48. Qxd5 Kh7 49. Qd6 Re1+ 50. Kf2 R7e2+ 51. Kf3 Re3+ 52. Kf2 R3e2+ 53. Kf3 Re3+
1/2-1/2

[Event "Druzynowe Mistrzostwa Polski - II liga"]
[Site "Sypniewo k. Jastrowia"]
[Date "1899-12-30"]
[Round "4.35"]
[White "Krainski, Aleksander"]
[Black "Walaszczyk, Witold"]
[Result "1/2-1/2"]
[WhiteTitle "FM"]
[BlackTitle "k"]
[WhiteElo "2037"]
[BlackElo "2019"]

1. Nf3 d5 2. g3 g6 3. Bg2 Bg7 4. O-O Nf6 5. d3 O-O 6. Nbd2 c5 7. e4 Nc6 8. Re1
dxe4 9. dxe4 h6 10. c3 Be6 11. Qc2 Qc7 12. Nf1 Rad8 13. h3 Qc8 14. Kh2 Bc4 15.
e5 Bd3 16. Qa4 Ne4 17. Be3 b5 18. Qa3 b4 19. cxb4 Nxb4 20. Rec1 Qf5 21. Bxc5 Nxc5
22. Rxc5 Nc2 23. Ne3 Nxe3 24. fxe3 Be4 25. Rf1 Rd3 26. Qb4 Rxe3 27. Nd2 Re2 28.
Rxf5 Rxg2+ 29. Kh1 Rxd2+ 30. Qxe4 gxf5 31. Qb7 e6 32. a4 Rfd8 33. g4 fxg4 34.
hxg4 Rd1+ 35. Kg2 R8d2+ 36. Kg3 Rd3+ 37. Kf2 R1d2+ 38. Ke1 Rd1+ 39. Ke2 R1d2+
1/2-1/2

[Event "Druzynowe Mistrzostwa Polski - II liga"]
[Site "Sypniewo k. Jastrowia"]
[Date "1899-12-30"]
[Round "4.36"]
[White "Bukowska, Katarzyna"]
[Black "Cieslak, Wiktoria"]
[Result "1-0"]
[WhiteTitle "k++"]
[BlackTitle "k++"]
[WhiteElo "1844"]
[BlackElo "1915"]

1. e4 c5 2. Nf3 d6 3. d4 cxd4 4. Nxd4 Nf6 5. Nc3 a6 6. Be2 e5 7. Nb3 Be6 8. f4
exf4 9. Bxf4 Nc6 10. O-O Be7 11. Qe1 Qc7 12. Rd1 Ne5 13. Qg3 O-O 14. Nd4 Rfe8
15. Bg5 Nfd7 16. Bxe7 Rxe7 17. Nd5 Bxd5 18. Nf5 Ng6 19. Nxe7+ Nxe7 20. exd5 Ne5
21. c4 Qb6+ 22. Qf2 Qxb2 23. Rb1 Qxa2 24. Rxb7 N7g6 25. Rfb1 h6 26. h3 Rf8 27.
R1b2 Qa1+ 28. Kh2 a5 29. c5 dxc5 30. Qxc5 a4 31. Rb1 Ng4+ 32. Bxg4 Qe5+ 33. Kg1
Nf4 34. Re7 Qf6 35. Rf1 Qg5 36. Rxf4 Qxf4 37. d6 Rb8 38. Re1 Qg3 39. Qe5 Qxe5
40. Rxe5 a3 41. Ra5 Rd8 42. d7 g6 43. Rxa3 h5 44. Bf3 Rxd7 45. Kf2 Kg7 46. Kg3
Rc7 47. Rb3 Rd7 48. Rb7 Rd4 49. Bc6 Rd6 50. Rc7 Rf6 51. Bf3 Rf5 52. Kf2 Re5 53.
Be2 Rf5+ 54. Ke3 Rg5 55. Bf3 Ra5 56. Kd4 Rf5 57. Bd5 Rf4+ 58. Kc5 g5 59. Kd6 g4
60. Ke5 Rf2 61. h4 Kh6 62. Rxf7 g3 63. Rxf2 gxf2 64. Bc4 Kg6 65. Kf4 Kf6 66. Bd3
Kg7 67. Kg5 Kh8 68. Kxh5 Kg7 69. g4 Kh8 70. g5 Kg7 71. Kg4 Kh8 72. Kf3 f1=Q+ 73.
Bxf1 Kg7 74. h5 Kh7 75. Kf4 Kg7 76. Kf5 Kf7 77. g6+ Kg7 78. h6+ Kg8 79. Kf6 Kh8
80. g7+ 1-0

[Event "Druzynowe Mistrzostwa Polski - II liga"]
[Site "Sypniewo k. Jastrowia"]
[Date "1899-12-30"]
[Round "4.37"]
[White "Luczak, Filip"]
[Black "Cukrowski, Filip"]
[Result "0-1"]
[WhiteTitle "FM"]
[BlackTitle "FM"]
[WhiteElo "2278"]
[BlackElo "2382"]

1. Nf3 Nf6 2. c4 c5 3. Nc3 e6 4. g3 b6 5. Bg2 Bb7 6. O-O Be7 7. Re1 Nc6 8. e4 d6
9. d4 cxd4 10. Nxd4 Rc8 11. b3 a6 12. Bb2 O-O 13. Rc1 Qd7 14. Na4 Qc7 15. Nb5
axb5 16. cxb5 Nd7 17. bxc6 Bxc6 18. Nc3 Qd8 19. Ba3 Ne5 20. f4 Ng6 21. Ne2 b5
22. Nd4 Qb6 23. Kh1 Bd7 24. Rxc8 Rxc8 25. f5 Ne5 26. Nf3 Ng4 27. Qd4 Qxd4 28.
Nxd4 Bf6 29. fxe6 fxe6 30. Nf3 b4 31. Bxb4 Nf2+ 32. Kg1 Nd3 33. Rd1 Nxb4 34. e5
Bd8 35. Rxd6 Bc6 36. Bh3 Bb6+ 37. Kg2 Rf8 38. Bxe6+ Kh8 39. Bg4 Bc5 40. Rd2 g6
41. a3 Na6 42. Rd3 h5 43. Be6 Be4 44. Bc4 Nc7 45. b4 Bb6 46. a4 g5 47. a5 Ba7
48. b5 Nxb5 49. Bxb5 g4 50. e6 gxf3+ 51. Kf1 Bxd3+ 52. Bxd3 Kg7 53. Be4 f2 54.
h4 Kf6 55. Bf3 Rc8 0-1

[Event "Druzynowe Mistrzostwa Polski - II liga"]
[Site "Sypniewo k. Jastrowia"]
[Date "1899-12-30"]
[Round "4.38"]
[White "Kacprzak, Karol"]
[Black "Grzesik, Gracjan"]
[Result "1-0"]
[WhiteTitle "k"]
[BlackTitle "k"]
[WhiteElo "2200"]
[BlackElo "2149"]

1. e4 c5 2. Nf3 d6 3. d4 cxd4 4. Nxd4 Nf6 5. Nc3 a6 6. Nb3 e5 7. Bg5 Be6 8. Bxf6
Qxf6 9. Nd5 Bxd5 10. Qxd5 Nc6 11. c3 Be7 12. Be2 Qe6 13. Bc4 Qxd5 14. Bxd5 Bg5
15. Ke2 Ke7 16. Rhd1 Rhd8 17. Rd3 Rac8 18. Rad1 Rc7 19. g3 f6 20. Na1 Na7 21.
Nc2 Nc8 22. Bb3 Nb6 23. f3 Bh6 24. a4 Rc5 25. Ra1 a5 26. Rad1 Rd7 27. Na3 Rd8
28. Nb5 Rc6 29. Bd5 Nxd5 30. Rxd5 g6 31. Na3 b6 32. R1d3 Bc1 33. Rb5 Rb8 34. Kd1
Bh6 35. b3 Kd7 36. Rbd5 Rd8 37. Nc4 Kc7 38. Ke2 Bf8 39. f4 exf4 40. gxf4 Re8 41.
Kf3 Re6 42. Na3 Rc5 43. Nb5+ Kd7 44. Rxc5 bxc5 45. Na3 f5 46. exf5 gxf5 47. Rd5
Bg7 48. c4 Rh6 49. Nb5 Ke7 50. Rxf5 Rxh2 51. Rd5 Rh6 52. Rg5 Bf6 53. Rg8 Rh3+
54. Ke4 Rxb3 55. Ra8 Bc3 56. Kf5 Bd2 57. Ra7+ Kf8 58. Kf6 Re3 59. Rxh7 Kg8 60.
Rg7+ Kh8 61. Rg2 Bb4 62. Kf7 Rh3 63. Kf8 Kh7 64. Rg7+ Kh6 65. Nxd6 Rd3 66. Nf5+
Kh5 67. Rg5# 1-0

[Event "Druzynowe Mistrzostwa Polski - II liga"]
[Site "Sypniewo k. Jastrowia"]
[Date "1899-12-30"]
[Round "4.39"]
[White "Majewski, Krzysztof"]
[Black "Kacprzak, Kacper"]
[Result "0-1"]
[WhiteTitle "I+"]
[BlackTitle "k"]
[WhiteElo "1999"]
[BlackElo "2229"]

1. e4 e5 2. Nf3 Nc6 3. Bc4 Nf6 4. d3 Be7 5. O-O O-O 6. Nc3 d6 7. h3 Na5 8. Bb3
Nxb3 9. axb3 Re8 10. Bg5 c6 11. Re1 h6 12. Bxf6 Bxf6 13. d4 exd4 14. Nxd4 Qb6
15. Nf3 Qc7 16. Qd3 Be6 17. Nd4 Qb6 18. Nf5 Bxf5 19. exf5 d5 20. Re2 Rxe2 21.
Qxe2 Qc5 22. Na4 Qf8 23. Nc3 Re8 24. Qd2 Qc5 25. Re1 Rd8 26. Qd3 Qb4 27. Re2 b5
28. Qg3 Qa5 29. Kh2 Qa1 30. f3 Qxb2 31. Nd1 Qd4 32. Nf2 Bh4 33. Qc7 Qb6 34. Qxb6
axb6 35. Nd3 Bf6 36. Kg3 Kf8 37. Kf4 Bg5+ 38. Kg4 Bf6 39. Kf4 c5 40. Re1 c4 41.
Ne5 Bxe5+ 42. Rxe5 d4 43. Re1 d3 44. cxd3 Rxd3 45. Re3 Rxe3 46. Kxe3 cxb3 47.
Kd3 b4 48. f4 Ke7 49. g4 Kd6 50. h4 f6 51. g5 Kd5 52. h5 b5 53. g6 b2 54. Kc2
0-1

[Event "Druzynowe Mistrzostwa Polski - II liga"]
[Site "Sypniewo k. Jastrowia"]
[Date "1899-12-30"]
[Round "4.40"]
[White "Poltorak, Sebastian"]
[Black "Sokolowski, Ryszard"]
[Result "1-0"]
[WhiteTitle "k"]
[BlackTitle "k"]
[WhiteElo "2264"]
[BlackElo "2031"]

1. e4 c5 2. Nc3 a6 3. g3 b5 4. Bg2 Bb7 5. Nh3 Nf6 6. d3 e6 7. O-O Nc6 8. e5 Ng8
9. Be3 Qc7 10. f4 Nd4 11. Ne4 f5 12. Nd6+ Bxd6 13. exd6 Qb6 14. Bxb7 Qxb7 15.
b4 Nf6 16. bxc5 Nc6 17. Rb1 Rb8 18. a4 b4 19. c3 a5 20. c4 h5 21. Nf2 h4 22. g4
h3 23. Qf3 Rh4 24. gxf5 exf5 25. Qg3 Rg4 26. Nxg4 fxg4 27. d4 Qa6 28. d5 Nd8 29.
Bd4 Qxc4 30. Qe3+ Kf8 31. Bxf6 gxf6 32. Qe7+ Kg8 33. Qe8+ Kg7 34. Qxd7+ Nf7 35.
Qxg4+ Kf8 36. Rbc1 Qd4+ 37. Kh1 b3 38. Qxh3 b2 39. Rb1 Qxd5+ 40. Qg2 Qxc5 41.
Rg1 Nxd6 42. Qg7+ Ke8 43. Rbe1+ 1-0

[Event "Druzynowe Mistrzostwa Polski - II liga"]
[Site "Sypniewo k. Jastrowia"]
[Date "1899-12-30"]
[Round "4.41"]
[White "Gajdzica, Maciej"]
[Black "Sowa, Wiktoria"]
[Result "1-0"]
[WhiteTitle "I+"]
[BlackTitle "WFM"]
[WhiteElo "1954"]
[BlackElo "2016"]

1. e4 c5 2. Nf3 e6 3. d4 cxd4 4. Nxd4 Qb6 5. Nb3 Nc6 6. Be3 Qc7 7. a3 Nf6 8. Nc3
a6 9. f4 d6 10. Bd3 b5 11. Qf3 Bb7 12. g4 Be7 13. g5 Nd7 14. h4 Rc8 15. h5 Nc5
16. Nxc5 dxc5 17. g6 hxg6 18. hxg6 Rxh1+ 19. Qxh1 fxg6 20. Qh7 c4 21. Be2 Kf8
22. Bg4 Nd8 23. O-O-O b4 24. axb4 Bxb4 25. f5 Bxc3 26. Qh8+ Kf7 27. fxg6+ Kf6
28. Qh4+ Ke5 29. Qg5+ Kxe4 30. bxc3 Nc6 31. Bh3 Ne5 32. Qf4# 1-0

[Event "Druzynowe Mistrzostwa Polski - II liga"]
[Site "Sypniewo k. Jastrowia"]
[Date "1899-12-30"]
[Round "4.42"]
[White "Starosta, Martyna"]
[Black "Krzywnicka, Maria"]
[Result "1-0"]
[WhiteTitle "WCM"]
[BlackTitle "I++"]
[WhiteElo "1809"]
[BlackElo "1885"]

1. d4 Nf6 2. c4 c5 3. d5 e6 4. Nc3 exd5 5. cxd5 d6 6. e4 g6 7. f4 Bg7 8. Bb5+ Nfd7
9. Nf3 O-O 10. O-O Re8 11. Qe1 a6 12. Bd3 b5 13. Qg3 Qc7 14. f5 c4 15. Bc2 b4
16. Na4 Nf6 17. fxg6 hxg6 18. Ng5 Nbd7 19. Be3 Rb8 20. Rae1 Ne5 21. Qh4 Bd7 22.
b3 Bxa4 23. bxa4 b3 24. axb3 cxb3 25. Bb1 Rb4 26. a5 Qxa5 27. Rxf6 Bxf6 28. Qh7+
Kf8 29. Rf1 Ke7 30. Nxf7 Nxf7 31. e5 dxe5 32. d6+ Ke6 33. Rxf6+ Kd7 34. Rxf7+
Kxd6 35. Qxg6+ Re6 36. Qd3+ Rd4 37. Bxd4 Qe1+ 38. Rf1 exd4 39. Rxe1 1-0

[Event "Druzynowe Mistrzostwa Polski - II liga"]
[Site "Sypniewo k. Jastrowia"]
[Date "1899-12-30"]
[Round "4.43"]
[White "Klepek, Witold"]
[Black "Kozlowski, Michal"]
[Result "1-0"]
[WhiteTitle "k++"]
[BlackTitle "I++"]
[WhiteElo "2103"]
[BlackElo "2032"]

1. e4 c5 2. Nf3 Nc6 3. d4 cxd4 4. Nxd4 e5 5. Nb5 d6 6. c4 Be7 7. Bd3 Be6 8. O-O
a6 9. N5c3 Bg5 10. Nd2 Nge7 11. Nd5 O-O 12. Nb3 Ng6 13. Be3 Bxe3 14. Nxe3 Qg5
15. Kh1 Rac8 16. Qd2 Rfd8 17. Rfd1 Nge7 18. Bf1 g6 19. Rac1 f5 20. Nxf5 Qxd2 21.
Nxe7+ Nxe7 22. Nxd2 Kf7 23. g3 Rc6 24. Kg2 Rdc8 25. Be2 b5 26. b3 a5 27. Rb1 b4
28. Nf1 Rd8 29. Ne3 Rc7 30. Bg4 Nc6 31. Bxe6+ Kxe6 32. Rd5 a4 33. bxa4 Ra7 34.
a5 Rb8 35. Rbd1 Nd4 36. c5 Rxa5 37. Rxd6+ Kf7 38. Nc4 Rxc5 39. Nxe5+ Rxe5 40.
R6xd4 Ra5 41. Rb1 Rxa2 42. Rdxb4 Re8 43. Rb7+ Kf6 44. Kf3 Ra3+ 45. R1b3 Rxb3+
46. Rxb3 Re6 47. h4 h5 48. Kf4 Ra6 49. f3 Rc6 50. Rd3 Ra6 51. e5+ Kg7 52. Kg5
Re6 53. f4 Kg8 54. Rd6 Re7 55. Rxg6+ Kh7 56. Rh6+ Kg7 57. Ra6 Kg8 58. Kxh5 Re8
59. Kg5 Kh8 60. Ra5 1-0

[Event "Druzynowe Mistrzostwa Polski - II liga"]
[Site "Sypniewo k. Jastrowia"]
[Date "1899-12-30"]
[Round "4.44"]
[White "Kitewski, Bartosz"]
[Black "Gola, Karol"]
[Result "1/2-1/2"]
[WhiteTitle "I"]
[BlackTitle "k"]
[WhiteElo "1807"]
[BlackElo "2174"]

1. d4 d5 2. c4 e6 3. Nc3 Nf6 4. Nf3 c6 5. e3 Bd6 6. Qc2 O-O 7. b3 Nbd7 8. Bb2 Qe7
9. Be2 dxc4 10. Bxc4 e5 11. h3 b5 12. Bd3 Bb7 13. O-O exd4 14. Nxd4 Qe5 15. Nf3
Qe7 16. Ne4 Nxe4 17. Bxe4 g6 18. Rfd1 Nc5 19. Qc3 f6 20. Bc2 Ne6 21. a3 a6 22.
b4 c5 23. bxc5 Nxc5 24. e4 Rae8 25. Rxd6 Qxd6 26. e5 fxe5 27. Nxe5 Ne4 28. Bxe4
Bxe4 29. Ng4 Kf7 30. Re1 Re6 31. Qg7+ Ke8 32. Be5 Qc6 33. Nf6+ Rfxf6 34. Bxf6
Rxf6 35. Rxe4+ Qxe4 36. Qxf6 a5 37. Qh8+ Kd7 38. Qxh7+ Kd6 39. Qa7 Qa4 40. Qg7
Kd5 41. Qf7+ Kc5 42. g4 Qd1+ 43. Kh2 Qd6+ 44. f4 Qd2+ 45. Kg3 Qe1+ 46. Kf3 Qf1+
47. Kg3 Qe1+ 48. Kf3 1/2-1/2

[Event "Druzynowe Mistrzostwa Polski - II liga"]
[Site "Sypniewo k. Jastrowia"]
[Date "1899-12-30"]
[Round "4.45"]
[White "Szolc, Grzegorz"]
[Black "Slawinski, Miroslaw"]
[Result "1-0"]
[WhiteTitle "I++"]
[BlackTitle "k"]
[WhiteElo "2036"]
[BlackElo "2035"]

1. d4 d5 2. Bf4 c5 3. e3 Nc6 4. c3 Qb6 5. Qc1 Bf5 6. Nf3 Rc8 7. Be2 h6 8. O-O g5
9. Bg3 Bg7 10. dxc5 Qxc5 11. Nbd2 e5 12. Rd1 Qe7 13. Nb3 Be4 14. Nfd2 Bg6 15.
f4 f6 16. Nf1 Bf7 17. Bf3 e4 18. Bg4 Rd8 19. Nd4 h5 20. Nf5 Qf8 21. Be2 h4 22.
Bf2 Nh6 23. Nxg7+ Qxg7 24. c4 gxf4 25. exf4 Rg8 26. g3 d4 27. Re1 f5 28. b4 Ng4
29. b5 Ne7 30. Qa3 e3 31. Bxg4 hxg3 32. hxg3 fxg4 33. Nxe3 dxe3 34. Bxe3 Bxc4
35. Bc5 Rd7 36. Re5 b6 37. Bb4 Qh7 38. Bxe7 Rxe7 39. Rae1 Rg7 40. Qxa7 Rxe5 41.
Rxe5+ Kd8 42. Qb8+ Kd7 43. Qe8+ 1-0

[Event "Druzynowe Mistrzostwa Polski - II liga"]
[Site "Sypniewo k. Jastrowia"]
[Date "1899-12-30"]
[Round "4.46"]
[White "Strepikowski, Pawel"]
[Black "Kalmuk, Krzysztof"]
[Result "0-1"]
[WhiteTitle "I"]
[BlackTitle "I++"]
[WhiteElo "1773"]
[BlackElo "1983"]

1. e4 c5 2. Nf3 Nf6 3. d3 Nc6 4. g3 g6 5. Bg2 Bg7 6. O-O d5 7. exd5 Nxd5 8. Re1
O-O 9. c3 h6 10. Nbd2 Re8 11. Nb3 b6 12. d4 c4 13. Nbd2 Na5 14. Ne5 Ba6 15. Qf3
Nf6 16. Qxa8 Qxa8 17. Bxa8 Rxa8 18. Ndf3 Bb7 19. h4 e6 20. Nh2 h5 21. f3 Bd5 22.
Bf4 Rc8 23. Kf2 b5 24. g4 a6 25. g5 Ne8 26. Nf1 Nc6 27. Nxc6 Bxc6 28. Nd2 Bf8
29. Ne4 Be7 30. Be5 a5 31. Re3 Ng7 32. Bxg7 Kxg7 33. b3 Bd5 34. bxc4 Rxc4 35.
Nd2 Ra4 36. Ree1 Bxa2 37. d5 Bc5+ 38. Kg2 exd5 39. Re8 b4 40. cxb4 axb4 41. Rb8
Be3 42. Re1 Bxd2 43. Ree8 Bc3 44. Rg8+ Kh7 45. Rgf8 Ra7 46. Rfc8 Bc4 0-1